Курс аналитической геометрии

Bibliografiske detaljer
Hovedforfatter: Мусхелишвили Н. И. Николай Иванович
Summary:Учебник предназначен для студентов младших курсов математико-механических факультетов университетов. Он в логической последовательности знакомит начинающих с общими принципами и методами приложения анализа к геометрии и развивает у студентов прочные навыки в этой области.
Sprog:russisk
Udgivet: СПб., Лань, 2002
Udgivelse:5-е изд., стер.
Fag:
Format: Bog
KOHA link:https://koha.lib.tpu.ru/cgi-bin/koha/opac-detail.pl?biblionumber=121953

MARC

LEADER 00000nam0a2200000 4500
001 121953
005 20231031125745.0
010 |a 5811404484 
035 |a (RuTPU)RU\TPU\book\132063 
090 |a 121953 
100 |a 20070924d2002 m y0rusy50 ca 
101 0 |a rus 
102 |a RU 
105 |a a j 000zy 
200 1 |a Курс аналитической геометрии  |f Н. И. Мусхелишвили 
205 |a 5-е изд., стер. 
210 |a СПб.  |c Лань  |d 2002 
215 |a 656 с.  |c ил. 
330 |a Учебник предназначен для студентов младших курсов математико-механических факультетов университетов. Он в логической последовательности знакомит начинающих с общими принципами и методами приложения анализа к геометрии и развивает у студентов прочные навыки в этой области. 
610 1 |a аналитическая геометрия 
610 1 |a учебники 
610 1 |a векторы 
610 1 |a параллельные проекции 
610 1 |a координаты 
610 1 |a аффинные преобразования 
610 1 |a плоские линии 
610 1 |a прямые на плоскости 
610 1 |a прямые в пространстве 
610 1 |a проективные преобразования 
610 1 |a конические сечения 
610 1 |a касательные 
610 1 |a линии второго порядка 
610 1 |a инварианты 
610 1 |a поверхности второго порядка 
610 1 |a прямолинейные образующие 
610 1 |a круговые сечения 
675 |a 514.12(075.8)  |v 3 
700 1 |a Мусхелишвили  |b Н. И.  |g Николай Иванович 
801 1 |a RU  |b 63413507  |c 20070924  |g PSBO 
801 2 |a RU  |b 63413507  |c 20150506  |g PSBO 
900 |a Аналитическая геометрия и линейная алгебра 
900 |a Линейная алгебра и аналитическая геометрия 
942 |c BK 
959 |a 63/20070924  |d 1  |e 175,00  |f ЧЗТЛ:1